000 00574nam a22002057a 4500
005 20251108173426.0
008 250721s1999 xx 000 0 ara d
020 _a9772726556
082 1 4 _aط/599.73/لما
100 1 _aلماضة، عاطف
245 1 0 _aالناقة /
264 1 _aطنطا :
_bدار الصحابة،
_c1999.
300 _a16ص
490 0 _aعالم الحيوان في القرآن الكريم\n
650 1 7 _aالقرآن الكريم
650 1 7 _aحليب النوق
650 1 7 _aالأبل
942 _2ddc
_cBK
999 _c103571
_d103571